00561nam a22001817a 450000500170000001000130001702000100003003500130004003700240005308200140007710000190009124501070011025000170021726000420023427000530027630000310032950000190036020210216153910.0 aB-736892 c66.00 aB-736892 bGift/Eng/03-02-2021 a354.54035 aGandhi, Indira aThe years of challenge:bselected speeches of Indira Gandhi, January 1966-Aug 1969 /cby Indira Gandhi a2nd rev. ed. aNew DelhibPublication Divisionc1985 aSuper Bazar, Cannaught CircusbNew Delhie110001 axvi, 497p.bill.c24cm(Hb) aincludes index